[Event "DEM U16w 2024"]
[Site "Willingen GER"]
[Date "2024.05.19"]
[Round "2"]
[White "Sayouf, Rafif"]
[Black "Stepanjan, Marianne"]
[Result "0-1"]
[Termination "normal"]
[Board "9"]
[WhiteElo "1690"]
[BlackElo "1769"]
[WhiteClock "00:16:12"]
[BlackClock "00:39:46"]
[PlyCount "76"]
[WhiteFideId "34630333"]
[BlackFideId "16246110"]
[EventCountry "GER"]
[EventRounds "9"]
[EventType "swiss"]
[EventDate "2024.05.18"]

1. d4 {[%clk 01:30:58]} Nf6 {[%clk 01:30:56]} {[%emt 00:00:04]} 2. c4 {[%clk
01:30:45]} {[%emt 00:00:44]} g6 {[%clk 01:31:22]} {[%emt 00:00:04]} 3. Nc3
{[%clk 01:31:01]} {[%emt 00:00:14]} Bg7 {[%clk 01:31:49]} {[%emt 00:00:04]} 4.
Nf3 {[%clk 01:29:55]} {[%emt 00:01:34]} O-O {[%clk 01:32:07]} 5. e4 {[%clk
01:28:46]} {[%emt 00:01:52]} d6 {[%clk 01:32:33]} 6. Be2 {[%clk 01:24:51]}
{[%emt 00:04:29]} e5 {[%clk 01:31:01]} 7. d5 {[%clk 01:24:51]} Nbd7 {[%clk
01:31:01]} 8. Qc2 {[%clk 01:21:22]} {[%emt 00:07:03]} a6 {[%clk 01:30:14]} 9.
O-O {[%clk 01:21:22]} Nh5 {[%clk 01:30:14]} 10. Be3 {[%clk 01:16:11]} {[%emt
00:09:24]} Qe8 {[%clk 01:13:32]} 11. Nd2 {[%clk 01:00:13]} {[%emt 00:32:12]}
Nf4 {[%clk 01:11:20]} 12. g3 {[%clk 00:55:30]} {[%emt 00:07:55]} Nxe2+ {[%clk
01:09:29]} 13. Nxe2 {[%clk 00:53:39]} {[%emt 00:04:42]} f5 {[%clk 01:08:27]}
14. exf5 {[%clk 00:48:55]} {[%emt 00:06:46]} gxf5 {[%clk 01:08:37]} 15. Nf3
{[%clk 00:42:36]} {[%emt 00:07:09]} Nf6 {[%clk 01:02:17]} 16. Rab1 {[%clk
00:34:24]} {[%emt 00:15:32]} Qh5 {[%clk 01:00:13]} 17. Nh4 {[%clk 00:28:54]}
{[%emt 00:08:34]} f4 {[%clk 00:58:17]} 18. Bc1 {[%clk 00:24:37]} {[%emt
00:07:12]} f3 {[%clk 00:55:44]} 19. Nc3 {[%clk 00:24:21]} {[%emt 00:03:50]} Qg4
{[%clk 00:49:38]} 20. Nd1 {[%clk 00:22:26]} {[%emt 00:09:00]} Qh3 {[%clk
00:43:46]} 21. Ne3 {[%clk 00:18:36]} {[%emt 00:10:43]} Ng4 {[%clk 00:43:30]}
22. Nxg4 {[%clk 00:18:56]} {[%emt 00:00:56]} Bxg4 {[%clk 00:43:38]} 23. Qe4
{[%clk 00:17:56]} {[%emt 00:01:51]} Bf5 {[%clk 00:42:01]} 24. Qxf3 {[%clk
00:17:56]} Bxb1 {[%clk 00:42:01]} 25. Qe2 {[%clk 00:16:12]} {[%emt 00:04:59]}
Bf5 {[%clk 00:39:46]} 26. f4 {[%clk 00:16:12]} Qg4 {[%clk 00:39:46]} 27. Qd2
{[%clk 00:16:12]} e4 {[%clk 00:39:46]} 28. Nxf5 {[%clk 00:16:12]} Rxf5 {[%clk
00:39:46]} 29. Kg2 {[%clk 00:16:12]} Rh5 {[%clk 00:39:46]} 30. Rf2 {[%clk
00:16:12]} Re8 {[%clk 00:39:46]} 31. Qe3 {[%clk 00:16:12]} Qd1 {[%clk
00:39:46]} 32. Rf1 {[%clk 00:16:12]} Qd3 {[%clk 00:39:46]} 33. g4 {[%clk
00:16:12]} Rxh2+ {[%clk 00:39:46]} 34. Kxh2 {[%clk 00:16:12]} Qxf1 {[%clk
00:39:46]} 35. f5 {[%clk 00:16:12]} Be5+ {[%clk 00:39:46]} 36. Qg3 {[%clk
00:16:12]} Qf2+ {[%clk 00:39:46]} 37. Kh1 {[%clk 00:16:12]} Qxg3 {[%clk
00:39:46]} 38. Bf4 {[%clk 00:16:12]} Bxf4 {[%clk 00:39:46]} 0-1

[Event "DEM U16w 2024"]
[Site "Willingen GER"]
[Date "2024.05.19"]
[Round "2"]
[White "Heuberger, Sandra"]
[Black "Margaryan, Venera"]
[Result "0-1"]
[Termination "normal"]
[Board "10"]
[WhiteElo "1555"]
[BlackElo "1774"]
[WhiteClock "00:39:19"]
[BlackClock "00:13:34"]
[PlyCount "148"]
[WhiteFideId "16232151"]
[BlackFideId "16266226"]
[EventCountry "GER"]
[EventRounds "9"]
[EventType "swiss"]
[EventDate "2024.05.18"]

1. d4 {[%clk 01:30:57]} {[%emt 00:00:02]} d5 {[%clk 01:30:51]} {[%emt
00:00:09]} 2. c4 {[%clk 01:31:21]} {[%emt 00:00:06]} e6 {[%clk 01:31:18]}
{[%emt 00:00:03]} 3. Nc3 {[%clk 01:31:45]} {[%emt 00:00:07]} c6 {[%clk
01:31:42]} {[%emt 00:00:06]} 4. cxd5 {[%clk 01:30:48]} {[%emt 00:01:26]} exd5
{[%clk 01:32:02]} {[%emt 00:00:09]} 5. Nf3 {[%clk 01:31:07]} {[%emt 00:00:11]}
Nf6 {[%clk 01:30:44]} {[%emt 00:01:49]} 6. Bf4 {[%clk 01:30:22]} {[%emt
00:01:15]} Be7 {[%clk 01:28:37]} {[%emt 00:02:37]} 7. h3 {[%clk 01:29:15]}
{[%emt 00:01:36]} O-O {[%clk 01:28:17]} {[%emt 00:00:50]} 8. e3 {[%clk
01:29:01]} {[%emt 00:00:45]} Bf5 {[%clk 01:28:16]} {[%emt 00:00:30]} 9. Nh4
{[%clk 01:27:39]} {[%emt 00:01:51]} Be6 {[%clk 01:23:43]} {[%emt 00:05:04]} 10.
Bd3 {[%clk 01:24:28]} {[%emt 00:03:41]} Ne4 {[%clk 01:17:58]} {[%emt 00:06:16]}
11. Nf3 {[%clk 01:23:33]} {[%emt 00:01:24]} Bb4 {[%clk 01:14:19]} {[%emt
00:04:11]} 12. Qc2 {[%clk 01:22:44]} {[%emt 00:01:18]} Qa5 {[%clk 01:06:56]}
{[%emt 00:07:53]} 13. O-O {[%clk 01:20:30]} {[%emt 00:02:44]} f5 {[%clk
00:56:03]} {[%emt 00:11:23]} 14. Ne2 {[%clk 01:18:33]} {[%emt 00:02:27]} Nd7
{[%clk 00:55:05]} {[%emt 00:01:29]} 15. a3 {[%clk 01:17:42]} {[%emt 00:01:20]}
Be7 {[%clk 00:55:06]} {[%emt 00:00:28]} 16. Ne5 {[%clk 01:14:10]} {[%emt
00:04:03]} Rae8 {[%clk 00:47:13]} {[%emt 00:08:23]} 17. Bh2 {[%clk 01:09:53]}
{[%emt 00:04:44]} Nxe5 {[%clk 00:44:06]} {[%emt 00:03:39]} 18. Bxe5 {[%clk
01:09:21]} {[%emt 00:01:02]} Qd8 {[%clk 00:37:55]} {[%emt 00:06:42]} 19. Nf4
{[%clk 01:07:34]} {[%emt 00:02:17]} Bc8 {[%clk 00:37:36]} {[%emt 00:00:48]} 20.
b4 {[%clk 01:05:24]} {[%emt 00:02:41]} Bf6 {[%clk 00:35:49]} {[%emt 00:02:17]}
21. Bxf6 {[%clk 01:04:13]} {[%emt 00:01:41]} Qxf6 {[%clk 00:33:26]} {[%emt
00:02:53]} 22. b5 {[%clk 01:03:41]} {[%emt 00:01:02]} Qd6 {[%clk 00:29:21]}
{[%emt 00:04:32]} 23. bxc6 {[%clk 01:02:27]} {[%emt 00:01:47]} bxc6 {[%clk
00:28:53]} {[%emt 00:00:58]} 24. Rfc1 {[%clk 01:01:25]} {[%emt 00:01:31]} Bd7
{[%clk 00:26:49]} {[%emt 00:02:35]} 25. Qa4 {[%clk 00:56:35]} {[%emt 00:05:18]}
Ra8 {[%clk 00:25:13]} {[%emt 00:02:08]} 26. Ba6 {[%clk 00:55:12]} {[%emt
00:01:52]} Rfb8 {[%clk 00:21:53]} {[%emt 00:03:49]} 27. Qa5 {[%clk 00:50:14]}
{[%emt 00:05:29]} Rb2 {[%clk 00:18:36]} {[%emt 00:03:47]} 28. Nd3 {[%clk
00:48:12]} {[%emt 00:02:33]} Rb6 {[%clk 00:17:46]} {[%emt 00:01:20]} 29. Rab1
{[%clk 00:47:10]} {[%emt 00:01:31]} Rab8 {[%clk 00:16:50]} {[%emt 00:01:26]}
30. Rxb6 {[%clk 00:45:43]} {[%emt 00:01:58]} axb6 {[%clk 00:16:39]} {[%emt
00:00:41]} 31. Qa4 {[%clk 00:44:10]} {[%emt 00:02:03]} Ra8 {[%clk 00:12:39]}
{[%emt 00:04:30]} 32. Ne5 {[%clk 00:41:48]} {[%emt 00:02:51]} b5 {[%clk
00:09:40]} {[%emt 00:03:30]} 33. Qa5 {[%clk 00:38:25]} {[%emt 00:03:53]} Be8
{[%clk 00:01:46]} {[%emt 00:08:24]} 34. Nd3 {[%clk 00:32:47]} {[%emt 00:06:07]}
c5 {[%clk 00:00:57]} {[%emt 00:01:20]} 35. Nxc5 {[%clk 00:28:56]} {[%emt
00:04:20]} Nxc5 {[%clk 00:01:17]} {[%emt 00:00:10]} 36. dxc5 {[%clk 00:29:09]}
{[%emt 00:00:18]} Rxa6 {[%clk 00:00:37]} {[%emt 00:01:10]} 37. Qb4 {[%clk
00:27:36]} {[%emt 00:02:03]} Qc6 {[%clk 00:00:35]} {[%emt 00:00:32]} 38. Rc3
{[%clk 00:25:57]} {[%emt 00:02:08]} Ra8 {[%clk 00:00:49]} {[%emt 00:00:17]} 39.
Qf4 {[%clk 00:23:58]} {[%emt 00:02:28]} Bd7 {[%clk 00:00:57]} {[%emt 00:00:22]}
40. g4 {[%clk 00:23:28]} {[%emt 00:01:00]} Rf8 {[%clk 00:00:39]} {[%emt
00:00:49]} 41. g5 {[%clk 00:23:20]} {[%emt 00:00:37]} Re8 {[%clk 00:29:01]}
{[%emt 00:02:08]} 42. f3 {[%clk 00:52:35]} {[%emt 00:01:15]} Qe6 {[%clk
00:25:50]} {[%emt 00:03:42]} 43. h4 {[%clk 00:51:43]} {[%emt 00:01:21]} Qe5
{[%clk 00:25:40]} {[%emt 00:00:41]} 44. Qxe5 {[%clk 00:49:27]} {[%emt
00:02:46]} Rxe5 {[%clk 00:26:07]} {[%emt 00:00:03]} 45. c6 {[%clk 00:49:33]}
{[%emt 00:00:24]} Bc8 {[%clk 00:26:09]} {[%emt 00:00:28]} 46. Kf2 {[%clk
00:49:00]} {[%emt 00:01:02]} Kf7 {[%clk 00:26:17]} {[%emt 00:00:23]} 47. Rc5
{[%clk 00:49:18]} {[%emt 00:00:12]} Ke6 {[%clk 00:21:05]} {[%emt 00:05:42]} 48.
Rxb5 {[%clk 00:48:47]} {[%emt 00:01:01]} d4 {[%clk 00:20:45]} {[%emt 00:00:49]}
49. Rb8 {[%clk 00:48:22]} {[%emt 00:00:56]} dxe3+ {[%clk 00:21:04]} {[%emt
00:00:11]} 50. Ke1 {[%clk 00:48:15]} {[%emt 00:00:36]} Ba6 {[%clk 00:20:51]}
{[%emt 00:00:43]} 51. c7 {[%clk 00:48:18]} {[%emt 00:00:28]} Rc5 {[%clk
00:20:32]} {[%emt 00:00:48]} 52. Rb6+ {[%clk 00:48:24]} {[%emt 00:00:24]} Ke5
{[%clk 00:17:28]} {[%emt 00:03:35]} 53. Rxa6 {[%clk 00:48:41]} {[%emt
00:00:13]} Kf4 {[%clk 00:15:37]} {[%emt 00:02:21]} 54. Ke2 {[%clk 00:47:56]}
{[%emt 00:01:14]} Rc2+ {[%clk 00:15:44]} {[%emt 00:00:21]} 55. Kd3 {[%clk
00:47:53]} {[%emt 00:00:35]} Rxc7 {[%clk 00:11:14]} {[%emt 00:05:01]} 56. Re6
{[%clk 00:41:09]} {[%emt 00:07:13]} Rd7+ {[%clk 00:11:35]} {[%emt 00:00:10]}
57. Kc4 {[%clk 00:36:30]} {[%emt 00:05:09]} Kxf3 {[%clk 00:11:32]} {[%emt
00:00:32]} 58. a4 {[%clk 00:35:52]} {[%emt 00:01:09]} e2 {[%clk 00:10:24]}
{[%emt 00:01:37]} 59. Re5 {[%clk 00:35:07]} {[%emt 00:01:15]} g6 {[%clk
00:10:12]} {[%emt 00:00:42]} 60. a5 {[%clk 00:34:49]} {[%emt 00:00:49]} Rd1
{[%clk 00:09:21]} {[%emt 00:01:21]} 61. a6 {[%clk 00:34:41]} {[%emt 00:00:38]}
e1=Q {[%clk 00:09:32]} {[%emt 00:00:18]} 62. Rxe1 {[%clk 00:34:52]} {[%emt
00:00:19]} Rxe1 {[%clk 00:09:54]} {[%emt 00:00:08]} 63. Kb5 {[%clk 00:34:59]}
{[%emt 00:00:24]} Ra1 {[%clk 00:10:03]} {[%emt 00:00:21]} 64. Kb6 {[%clk
00:35:23]} {[%emt 00:00:06]} Rxa6+ {[%clk 00:10:20]} {[%emt 00:00:13]} 65. Kxa6
{[%clk 00:35:42]} {[%emt 00:00:11]} Ke4 {[%clk 00:10:42]} {[%emt 00:00:08]} 66.
Kb5 {[%clk 00:36:00]} {[%emt 00:00:12]} f4 {[%clk 00:11:07]} {[%emt 00:00:04]}
67. Kc5 {[%clk 00:36:25]} {[%emt 00:00:05]} f3 {[%clk 00:11:34]} {[%emt
00:00:03]} 68. Kd6 {[%clk 00:36:49]} {[%emt 00:00:06]} f2 {[%clk 00:11:57]}
{[%emt 00:00:07]} 69. Kc5 {[%clk 00:37:14]} {[%emt 00:00:06]} f1=Q {[%clk
00:12:18]} {[%emt 00:00:07]} 70. Kc6 {[%clk 00:37:42]} {[%emt 00:00:03]} Qc4+
{[%clk 00:12:35]} {[%emt 00:00:14]} 71. Kd7 {[%clk 00:38:07]} {[%emt 00:00:05]}
Ke5 {[%clk 00:12:56]} {[%emt 00:00:09]} 72. Ke7 {[%clk 00:38:32]} {[%emt
00:00:05]} Qe6+ {[%clk 00:13:17]} {[%emt 00:00:08]} 73. Kd8 {[%clk 00:38:56]}
{[%emt 00:00:06]} Kd6 {[%clk 00:13:34]} {[%emt 00:00:13]} 74. h5 {[%clk
00:39:19]} {[%emt 00:00:07]} Qd7# {[%emt 00:00:29]} 0-1

[Event "DEM U16w 2024"]
[Site "Willingen GER"]
[Date "2024.05.19"]
[Round "2"]
[White "Moldovan, Stela"]
[Black "Loos, Tilda"]
[Result "1-0"]
[Termination "normal"]
[Board "11"]
[WhiteElo "1755"]
[BlackElo "1667"]
[WhiteClock "01:03:25"]
[BlackClock "00:34:24"]
[PlyCount "65"]
[WhiteFideId "16287380"]
[BlackFideId "34620559"]
[EventCountry "GER"]
[EventRounds "9"]
[EventType "swiss"]
[EventDate "2024.05.18"]

1. f4 {[%clk 01:30:53]} {[%emt 00:00:06]} c5 {[%clk 01:30:51]} {[%emt
00:00:10]} 2. b3 {[%clk 01:31:15]} {[%emt 00:00:08]} d5 {[%clk 01:30:45]}
{[%emt 00:00:36]} 3. Nf3 {[%clk 01:31:27]} {[%emt 00:00:18]} Nf6 {[%clk
01:30:54]} {[%emt 00:00:21]} 4. e3 {[%clk 01:29:51]} {[%emt 00:02:06]} Nc6
{[%clk 01:29:07]} {[%emt 00:02:16]} 5. d4 {[%clk 01:29:42]} {[%emt 00:00:39]}
cxd4 {[%clk 01:27:07]} {[%emt 00:02:31]} 6. Nxd4 {[%clk 01:27:06]} {[%emt
00:03:06]} e6 {[%clk 01:22:47]} {[%emt 00:04:50]} 7. Nxc6 {[%clk 01:25:20]}
{[%emt 00:02:16]} bxc6 {[%clk 01:23:10]} {[%emt 00:00:07]} 8. Bb2 {[%clk
01:25:38]} {[%emt 00:00:11]} Bb4+ {[%clk 01:19:49]} {[%emt 00:03:51]} 9. c3
{[%clk 01:22:25]} {[%emt 00:03:31]} Be7 {[%clk 01:19:24]} {[%emt 00:01:08]} 10.
Bd3 {[%clk 01:22:27]} {[%emt 00:00:27]} Qb6 {[%clk 01:15:38]} {[%emt 00:04:17]}
11. Qf3 {[%clk 01:21:27]} {[%emt 00:01:22]} Ba6 {[%clk 01:10:08]} {[%emt
00:06:06]} 12. Bxa6 {[%clk 01:20:19]} {[%emt 00:01:39]} Qxa6 {[%clk 01:10:37]}
{[%emt 00:00:01]} 13. Qe2 {[%clk 01:20:31]} {[%emt 00:00:15]} Qb6 {[%clk
01:07:17]} {[%emt 00:03:53]} 14. O-O {[%clk 01:19:40]} {[%emt 00:01:21]} O-O
{[%clk 01:05:43]} {[%emt 00:02:05]} 15. Nd2 {[%clk 01:18:42]} {[%emt 00:01:26]}
Bc5 {[%clk 01:02:24]} {[%emt 00:03:50]} 16. Rf3 {[%clk 01:18:03]} {[%emt
00:01:01]} Rfe8 {[%clk 00:59:11]} {[%emt 00:03:51]} 17. Kh1 {[%clk 01:14:02]}
{[%emt 00:04:29]} e5 {[%clk 00:57:19]} {[%emt 00:02:23]} 18. f5 {[%clk
01:12:08]} {[%emt 00:02:25]} e4 {[%clk 00:57:14]} {[%emt 00:00:35]} 19. Rg3
{[%clk 01:11:22]} {[%emt 00:01:03]} a5 {[%clk 00:53:12]} {[%emt 00:04:45]} 20.
c4 {[%clk 01:09:15]} {[%emt 00:02:37]} d4 {[%clk 00:48:41]} {[%emt 00:05:00]}
21. Nf1 {[%clk 01:09:27]} {[%emt 00:00:17]} Bd6 {[%clk 00:47:02]} {[%emt
00:02:09]} 22. Bxd4 {[%clk 01:07:30]} {[%emt 00:02:29]} c5 {[%clk 00:45:27]}
{[%emt 00:02:05]} 23. Rxg7+ {[%clk 01:07:33]} {[%emt 00:00:26]} Kxg7 {[%clk
00:44:35]} {[%emt 00:01:22]} 24. Qg4+ {[%clk 01:07:55]} {[%emt 00:00:08]} Kf8
{[%clk 00:44:43]} {[%emt 00:00:23]} 25. Bxf6 {[%clk 01:08:16]} {[%emt
00:00:09]} Rec8 {[%clk 00:44:09]} {[%emt 00:01:03]} 26. Rd1 {[%clk 01:07:56]}
{[%emt 00:00:48]} Ra7 {[%clk 00:37:37]} {[%emt 00:07:05]} 27. Ng3 {[%clk
01:06:16]} {[%emt 00:02:05]} a4 {[%clk 00:36:00]} {[%emt 00:02:13]} 28. Nxe4
{[%clk 01:05:41]} {[%emt 00:01:04]} Rc6 {[%clk 00:35:41]} {[%emt 00:00:49]} 29.
Qg7+ {[%clk 01:05:21]} {[%emt 00:00:48]} Ke8 {[%clk 00:36:04]} {[%emt
00:00:09]} 30. Qg8+ {[%clk 01:05:41]} {[%emt 00:00:08]} Kd7 {[%clk 00:36:18]}
{[%emt 00:00:17]} 31. Be5 {[%clk 01:04:56]} {[%emt 00:01:14]} axb3 {[%clk
00:34:56]} {[%emt 00:01:54]} 32. Nf6+ {[%clk 01:03:14]} {[%emt 00:02:11]} Kc7
{[%clk 00:34:24]} {[%emt 00:01:03]} 33. Nd5+ {[%clk 01:03:25]} {[%emt
00:00:19]} 1-0

[Event "DEM U16w 2024"]
[Site "Willingen GER"]
[Date "2024.05.19"]
[Round "2"]
[White "Breja, Eva"]
[Black "Hasselmann, Isabelle Sophia"]
[Result "0-1"]
[Termination "normal"]
[Board "12"]
[WhiteElo "1390"]
[BlackElo "1655"]
[WhiteClock "01:10:36"]
[BlackClock "00:58:40"]
[PlyCount "80"]
[WhiteFideId "34639632"]
[BlackFideId "16266951"]
[EventCountry "GER"]
[EventRounds "9"]
[EventType "swiss"]
[EventDate "2024.05.18"]

1. e4 {[%clk 01:30:57]} {[%emt 00:00:01]} d5 {[%clk 01:30:46]} {[%emt
00:00:15]} 2. exd5 {[%clk 01:29:32]} {[%emt 00:01:56]} Qxd5 {[%clk 01:31:11]}
{[%emt 00:00:05]} 3. Nc3 {[%clk 01:29:54]} {[%emt 00:00:08]} Qd6 {[%clk
01:31:36]} {[%emt 00:00:05]} 4. Nb5 {[%clk 01:28:21]} {[%emt 00:02:02]} Qe5+
{[%clk 01:30:50]} {[%emt 00:01:16]} 5. Be2 {[%clk 01:28:19]} {[%emt 00:00:33]}
Bg4 {[%clk 01:29:47]} {[%emt 00:01:32]} 6. d4 {[%clk 01:25:44]} {[%emt
00:03:05]} Bxe2 {[%clk 01:27:27]} {[%emt 00:02:50]} 7. Qxe2 {[%clk 01:25:57]}
{[%emt 00:00:17]} Qxe2+ {[%clk 01:27:24]} {[%emt 00:00:33]} 8. Nxe2 {[%clk
01:26:21]} {[%emt 00:00:06]} Na6 {[%clk 01:27:44]} {[%emt 00:00:11]} 9. O-O
{[%clk 01:26:27]} {[%emt 00:00:24]} g6 {[%clk 01:26:06]} {[%emt 00:02:08]} 10.
Bf4 {[%clk 01:26:26]} {[%emt 00:00:30]} c6 {[%clk 01:26:06]} {[%emt 00:00:31]}
11. Nbc3 {[%clk 01:26:28]} {[%emt 00:00:28]} Nh6 {[%clk 01:24:35]} {[%emt
00:02:01]} 12. Rad1 {[%clk 01:25:09]} {[%emt 00:01:47]} Nf5 {[%clk 01:20:58]}
{[%emt 00:04:09]} 13. d5 {[%clk 01:23:51]} {[%emt 00:01:48]} Nb4 {[%clk
01:15:24]} {[%emt 00:06:04]} 14. dxc6 {[%clk 01:23:27]} {[%emt 00:00:54]} bxc6
{[%clk 01:14:21]} {[%emt 00:01:33]} 15. Rd2 {[%clk 01:20:38]} {[%emt 00:03:18]}
Bg7 {[%clk 01:13:58]} {[%emt 00:00:54]} 16. a3 {[%clk 01:18:30]} {[%emt
00:02:36]} Na6 {[%clk 01:14:04]} {[%emt 00:00:26]} 17. Rfd1 {[%clk 01:18:30]}
{[%emt 00:00:29]} e5 {[%clk 01:13:56]} {[%emt 00:00:38]} 18. Bg5 {[%clk
01:18:07]} {[%emt 00:00:41]} f6 {[%clk 01:14:02]} {[%emt 00:00:36]} 19. Be3
{[%clk 01:18:21]} {[%emt 00:00:15]} Nxe3 {[%clk 01:14:13]} {[%emt 00:00:19]}
20. fxe3 {[%clk 01:18:40]} {[%emt 00:00:12]} Bh6 {[%clk 01:12:29]} {[%emt
00:02:14]} 21. Rd6 {[%emt 00:02:40]} Bxe3+ {[%clk 01:12:30]} {[%emt 00:00:27]}
22. Kf1 {[%clk 01:16:51]} {[%emt 00:00:10]} Rc8 {[%clk 01:12:25]} {[%emt
00:00:36]} 23. Rxf6 {[%clk 01:16:39]} {[%emt 00:00:41]} Rf8 {[%clk 01:12:38]}
{[%emt 00:00:16]} 24. Rxf8+ {[%clk 01:16:13]} {[%emt 00:00:56]} Kxf8 {[%clk
01:13:04]} {[%emt 00:00:04]} 25. Ne4 {[%clk 01:16:20]} {[%emt 00:00:22]} Rb8
{[%clk 01:10:11]} {[%emt 00:03:24]} 26. Rd3 {[%clk 01:16:25]} {[%emt 00:00:22]}
Bb6 {[%clk 01:07:31]} {[%emt 00:03:13]} 27. Nf6 {[%clk 01:15:00]} {[%emt
00:01:49]} Nc5 {[%clk 01:06:22]} {[%emt 00:01:45]} 28. Rf3 {[%clk 01:14:20]}
{[%emt 00:01:09]} Kg7 {[%clk 01:03:00]} {[%emt 00:03:53]} 29. b4 {[%clk
01:13:24]} {[%emt 00:01:27]} e4 {[%emt 00:08:30]} 30. Rg3 {[%clk 01:10:13]}
{[%emt 00:00:17]} Kxf6 {[%clk 00:58:19]} {[%emt 00:00:34]} 31. bxc5 {[%clk
01:10:42]} {[%emt 00:00:01]} Bxc5 {[%clk 00:58:37]} {[%emt 00:00:12]} 32. Nc3
{[%clk 01:10:43]} {[%emt 00:00:29]} Kf5 {[%clk 00:56:42]} {[%emt 00:02:25]} 33.
Ne2 {[%clk 01:10:06]} {[%emt 00:01:06]} Rb1+ {[%clk 00:57:03]} {[%emt
00:00:09]} 34. Nc1 {[%clk 01:10:21]} {[%emt 00:00:15]} Rxc1+ {[%clk 00:57:25]}
{[%emt 00:00:08]} 35. Ke2 {[%clk 01:10:44]} {[%emt 00:00:07]} Rxc2+ {[%clk
00:57:49]} {[%emt 00:00:06]} 36. Kd1 {[%clk 01:10:58]} {[%emt 00:00:15]} Ra2
{[%clk 00:58:00]} {[%emt 00:00:20]} 37. Rc3 {[%clk 01:11:00]} {[%emt 00:00:28]}
Bxa3 {[%clk 00:58:15]} {[%emt 00:00:15]} 38. Rxc6 {[%clk 01:11:13]} {[%emt
00:00:17]} e3 {[%clk 00:58:39]} {[%emt 00:00:06]} 39. Rc4 {[%clk 01:10:13]}
{[%emt 00:01:30]} e2+ {[%clk 00:58:32]} {[%emt 00:00:37]} 40. Ke1 {[%clk
01:10:36]} {[%emt 00:00:07]} a5 {[%clk 00:58:40]} {[%emt 00:00:23]} 0-1